000 00684nam a2200229 i 4500
001 175529
003 ES-MaACL
005 20250824201131.0
007 t|
008 101103s1984 sp o r ||||1| spa d
020 _a84-85551-31-1
080 _a821.134.2-14"19"
100 1 _aPérez Estrada, Rafael.
_990854
245 1 0 _aEspeculaciones en la misma naturaleza /
_cRafael Pérez Estrada.
250 _a1ª ed.
260 _aGranada :
_bAntonio Ubago,
_c1984.
300 _a73 p. :
_bil. ;
_c21 cm.
490 1 _aÁnade. Libros de poesía ;
_v18
830 0 0 _aÁnade.
_pLibros de poesía
_v18
_9189790
852 _aES-MaACL
_jE-13426
_xOlim P-330
999 _c175529
_d175529